Слідчі та негласні слідчі (розшукові) дії як криміналістичні засоби діяльності слідчого в досудовому розслідуванні (Запис № 458717)
[ простий вигляд ]
| 000 -Лідер | |
|---|---|
| fixed length control field | 03810nam a22002657a 4500 |
| 001 - Контрольний номер | |
| control field | 5150453 |
| 003 - Ідентифікатор контрольного номера | |
| control field | UA-OsUOA |
| 005 - Дата та час останнього входження (трансакції) | |
| control field | 20200410155044.0 |
| 008 - Елементи даних фіксованої довжини – загальна інформація | |
| fixed length control field | 200403b un ||||| m||| 00| 0 ukr d |
| 040 ## - Джерело каталогізації | |
| Агенція оригінальної каталогізації | UA-OsUOA |
| Мова каталогізації | ukr |
| Агенція, яка здійснювала перезапис | UA-OsUOA |
| Агенція, яка здійснювала модифікацію | UA-OsUOA |
| 041 ## - Код мови | |
| Код мови тексту/ звукової доріжки чи окремого заголовка (П) | ukr |
| 080 ## - Індекс Універсальної десяткової класифікації | |
| Індекс Універсальної десяткової класифікації (УДК) (НП) | 343.98.06(477) |
| 090 ## - Локальний шифр розміщення | |
| Класифікаційний індекс УДК | 343.98.06(477) |
| 095 ## - Код спеціальності для авторефератів | |
| Код спеціальності | 12.00.09 |
| Назва спеціальності | кримінальний процес та криміналістика; судова експертиза; оперативно-розшукова діяльність |
| 100 ## - Основне введення – ім’я особи | |
| Ім’я особи (НП) | Колесник Ю. В. |
| 245 ## - Відомості про назву | |
| Назва (НП) | Слідчі та негласні слідчі (розшукові) дії як криміналістичні засоби діяльності слідчого в досудовому розслідуванні |
| Дані про відповідальність (НП) | Юрій Валерійович Колесник ; наук. керівник Кудінов Сергій Сергійович |
| 260 ## - Публікація, розповсюдження і т.п. (Вихідні дані) | |
| Місце публікації, розповсюдження і т.п. (П) | Київ |
| Дата публікації, розповсюдження і т.п. (П) | 2016 |
| 300 ## - Фізичний опис | |
| Обсяг | 20 с. |
| 502 ## - Примітка про дисертацію | |
| Зв'язок | Автореферат дисертації на здобуття наукового ступеня кандидата юридичних наук<br/> |
| Наймення інституції, що представляється | Академія адвокатури України |
| Рік отримання вченого ступеня | 2016 |
| 520 ## - Резюме і т.п. | |
| Резюме, реферат, анотація, тощо (НП) | На підставі з'ясування теоретико-правових засад, стану використання слідчих (розшукових) дій в кримінальному провадженні з’ясовано сучасні можливості їх використання органом досудового розслідування як криміналістичних засобів збирання доказів. Розкрито історичні аспекти становлення слідчих дій в системі криміналістичних засобів кримінального процесуального доказування, обгрунтовано їх класифікацію, визначено загальні умови й тактичні вимоги до проведення, повноваження осіб на прийняття рішення, узгодження, надання дозволу та безпосереднє здійснення слідчих дій. Встановлено місце судової експертизи в системі процесуальних засобів та обґрунтовано заперечення віднесення її до слідчих дій. Окрему увагу приділено класифікації, визначенню суб’єктів прийняття рішення й проведення негласних слідчих (розшукових) дій, фіксації їх результатів. Запропоновані пропозиції до КПК України, що уточнюють повноваження слідчого судді, керівника органу досудового розслідування, порядок надання доручень слідчого, прокурора уповноваженому оперативному підрозділу на проведення негласних слідчих (розшукових) дій та фіксацію їх результатів. Пропонуються рекомендації із проведення окремих слідчих дій для використання в практиці досудового розслідування. |
| 650 ## - Додаткове предметне введення – тематичний термін | |
| Джерело заголовка чи терміна | UDC |
| Тематичний термін чи географічна назва, як елемент введення (НП) | 343 Кримінальне право. Карні порушення |
| 942 ## - Додаткові елементи входу (Коха) | |
| Source of classification or shelving scheme | Universal Decimal Classification |
| Тип елемента Koha | Автореферат |
| 955 ## - Код типу видання за змістом | |
| Код типу видання за змістом (НП) | Наукові видання |
Немає доступних примірників.